[Event "FIN-chT 2223"]
[Site "Finland"]
[Date "2023.01.15"]
[Round "8.4"]
[White "Bederdin, Lauri"]
[Black "Wallin, Aleksi"]
[Result "0-1"]
[WhiteElo "2058"]
[BlackElo "2175"]
[PlyCount "136"]
[EventDate "2022.09.24"]
[EventType "team-tourn"]
[EventRounds "11"]
[EventCountry "FIN"]
[SourceTitle "EXT 2024"]
[Source "ChessBase"]
[SourceDate "2023.10.10"]
[SourceVersion "1"]
[SourceVersionDate "2023.10.10"]
[SourceQuality "1"]
[WhiteTeam "Joensuu SK"]
[BlackTeam "Raahe Li"]
[WhiteTeamCountry "FIN"]
[BlackTeamCountry "FIN"]

1. e4 e5 2. Nf3 Nc6 3. Bc4 Bc5 4. c3 Nf6 5. d4 exd4 6. e5 d5 7. Bb5 Nd7 8. cxd4 Be7 9. 0-0 0-0 10. Be3 Nb6 11. Nbd2 f6 12. exf6 Rxf6 13. Rc1 Bd7 14. Re1 a6 15. Bd3 Bf5 16. Ne5 Bxd3 17. Nxd3 Rf7 18. a3 Bf6 19. Qg4 Qd7 20. Qxd7 Nxd7 21. Nf3 Re8 22. Red1 Nb6 23. b3 Nc8 24. Nf4 Rd7 25. h4 Be7 26. a4 Bf8 27. g3 N8e7 28. Ne5 Rd6 29. Nxc6 Nxc6 30. Rc5 Red8 31. Rdc1 R6d7 32. R5c2 Re8 33. Nd3 Re4 34. Rxc6 bxc6 35. Rxc6 Rd6 36. Rxc7 Re8 37. Rc2 Rb6 38. Rb2 Reb8 39. Nf4 Rxb3 40. Rxb3 Rxb3 41. Nxd5 Bd6 42. Kg2 Kf7 43. Kf3 Ra3 44. Nb6 Bc7 45. Nd5 Ba5 46. Ke4 Rxa4 47. Nf4 Bc7 48. Nd3 Ra3 49. Bc1 Rc3 50. Bb2 Rb3 51. d5 a5 52. Bd4 a4 53. Nc5 Rb4 54. Nd3 Rb5 55. Nc5 a3 56. Ne6 Bb6 57. Bxg7 a2 58. f4 Rb4+ 59. Kf5 Rd4 60. Bxd4 Bxd4 61. Nxd4 a1Q 62. Nf3 Qf6+ 63. Kg4 h5+ 64. Kh3 Qf5+ 65. Kg2 Qxd5 66. Kf2 Kf6 67. Ne5 Qd2+ 68. Kg1 Qe2 0-1

[Event "FIN-chT 2223"]
[Site "Finland"]
[Date "2022.11.05"]
[Round "5.3"]
[White "Nyysti, Sampsa"]
[Black "Wallin, Aleksi"]
[Result "1-0"]
[WhiteElo "2363"]
[BlackElo "2175"]
[PlyCount "83"]
[EventDate "2022.09.24"]
[EventType "team-tourn"]
[EventRounds "11"]
[EventCountry "FIN"]
[SourceTitle "EXT 2024"]
[Source "ChessBase"]
[SourceDate "2023.10.10"]
[SourceVersion "1"]
[SourceVersionDate "2023.10.10"]
[SourceQuality "1"]
[WhiteTeam "Helsinki Ninja"]
[BlackTeam "Raahe Li"]
[WhiteTeamCountry "FIN"]
[BlackTeamCountry "FIN"]

1. e4 e5 2. Nf3 Nf6 3. Nc3 Nc6 4. Bb5 Bc5 5. Bxc6 dxc6 6. d3 0-0 7. Be3 Bd6 8. h3 c5 9. b3 Nd7 10. Ne2 Nb8 11. 0-0 Nc6 12. Nd2 Qe7 13. Ng3 g6 14. Nc4 f6 15. Kh2 Be6 16. Nxd6 cxd6 17. f4 Kh8 18. Qd2 Rf7 19. f5 Bd7 20. a3 Nd4 21. Bxd4 exd4 22. fxg6 Rg7 23. Qf4 Rxg6 24. Nf5 Bxf5 25. exf5 Rg5 26. Rae1 Qg7 27. g3 Rg8 28. Rf3 Qh6 29. Re2 Qh5 30. Ref2 Rd8 31. Qe4 Rg7 32. Qe6 Qf7 33. Re2 d5 34. Rff2 Qc7 35. Rf4 Rd6 36. Qe8+ Rg8 37. Rg4 Qg7 38. Qh5 Qd7 39. Rxg8+ Kxg8 40. Re8+ Kg7 41. Qg4+ Kh6 42. Rg8 1-0

[Event "FIN-chT 2223"]
[Site "Finland"]
[Date "2022.09.25"]
[Round "2.3"]
[White "Hartikainen, Markku"]
[Black "Wallin, Aleksi"]
[Result "1/2-1/2"]
[WhiteElo "2284"]
[BlackElo "2175"]
[PlyCount "68"]
[EventDate "2022.09.24"]
[EventType "team-tourn"]
[EventRounds "11"]
[EventCountry "FIN"]
[SourceTitle "CBM 210 Extra"]
[Source "ChessBase"]
[SourceDate "2022.11.30"]
[SourceVersion "1"]
[SourceVersionDate "2022.11.30"]
[SourceQuality "1"]
[WhiteTeam "Salo SalSK"]
[BlackTeam "Raahe Li"]
[WhiteTeamCountry "FIN"]
[BlackTeamCountry "FIN"]

1. e4 e5 2. Nf3 Nf6 3. Nxe5 d6 4. Nf3 Nxe4 5. d4 d5 6. Bd3 Bd6 7. 0-0 0-0 8. Re1 Bf5 9. c4 c6 10. Nc3 Nxc3 11. bxc3 Bxd3 12. Qxd3 dxc4 13. Qxc4 Nd7 14. Bg5 Qc7 15. Be7 Nb6 16. Qe2 Bxe7 17. Qxe7 Rac8 18. Qg5 Nd5 19. c4 Nf6 20. Re5 h6 21. Qg3 Nd7 22. Re7 Qxg3 23. hxg3 Rfd8 24. Rae1 Rb8 25. g4 Nb6 26. c5 Nd5 27. R7e5 Nf4 28. Re7 Nd5 29. R7e5 Nf4 30. Re7 Kf8 31. R7e4 Ne6 32. Kf1 Rd5 33. Rb1 Ng5 34. Nxg5 hxg5 1/2-1/2

[Event "Raahe op"]
[Site "Raahe"]
[Date "2019.12.03"]
[Round "4"]
[White "Wallin, Aleksi"]
[Black "Marjusaari, Eero"]
[Result "1-0"]
[WhiteElo "2200"]
[BlackElo "2016"]
[PlyCount "135"]
[EventDate "2019.11.02"]
[EventType "swiss"]
[EventRounds "5"]
[EventCountry "FIN"]
[SourceTitle "EXT 2021"]
[Source "ChessBase"]
[SourceDate "2020.10.23"]
[SourceVersion "1"]
[SourceVersionDate "2020.10.23"]
[SourceQuality "1"]

1. d4 Nf6 2. c4 g6 3. Nc3 Bg7 4. e4 d6 5. Nf3 0-0 6. Be2 Na6 7. 0-0 e5 8. Be3 Ng4 9. Bg5 Qe8 10. dxe5 dxe5 11. Qc1 c6 12. Rd1 Be6 13. h3 Nf6 14. Be3 Qe7 15. c5 Nc7 16. b4 Rad8 17. Nd2 Rd7 18. a4 Rfd8 19. Qc2 Rd4 20. Bxd4 exd4 21. Na2 Bxa2 22. Rxa2 Ne6 23. Nc4 Nf4 24. Nd6 Ne8 25. Nxe8 Rxe8 26. Bf1 Qxe4 27. Qxe4 Rxe4 28. b5 Nd5 29. Re2 Rxe2 30. Bxe2 Nc3 31. bxc6 bxc6 32. Re1 Nxa4 33. Ra1 Nxc5 34. Rxa7 d3 35. Bf3 d2 36. Rc7 Na4 37. Rxc6 Be5 38. Rc8+ Kg7 39. Rd8 Bc3 40. Rd3 Kf6 41. Bd1 Nb2 42. Rxc3 Nxd1 43. Rd3 Nc3 44. Rxd2 Ke6 45. Rc2 Nd5 46. Ra2 h5 47. h4 f6 48. Ra6+ Ke5 49. Ra7 Kf5 50. Ra5 Ke6 51. g3 f5 52. Ra6+ Kf7 53. Rd6 Nf6 54. f3 Ne8 55. Ra6 Ng7 56. Kf2 Ne6 57. Ke3 Kf6 58. f4 Kf7 59. Rc6 Ke7 60. Kd3 Kd7 61. Rb6 Ke7 62. Kc4 Kf7 63. Kd5 Nc7+ 64. Ke5 Ne8 65. Rb7+ Kf8 66. Ke6 Kg8 67. Rb8 Kf8 68. Rc8 1-0

[Event "FIN-chT 1617"]
[Site "Finland"]
[Date "2017.02.04"]
[Round "7.2"]
[White "Wallin, Aleksi"]
[Black "Hellen, Bo"]
[Result "1-0"]
[WhiteElo "2239"]
[BlackElo "2044"]
[PlyCount "121"]
[EventDate "2016.09.17"]
[EventType "team-tourn"]
[EventRounds "11"]
[EventCountry "FIN"]
[SourceTitle "EXT 2022"]
[Source "ChessBase"]
[SourceDate "2021.10.06"]
[SourceVersion "1"]
[SourceVersionDate "2021.10.06"]
[SourceQuality "1"]
[WhiteTeam "Oulu OSS"]
[BlackTeam "Karjaa KarjUra"]
[WhiteTeamCountry "FIN"]
[BlackTeamCountry "FIN"]

1. Nf3 g6 2. g3 Bg7 3. d4 b6 4. Bg2 Bb7 5. 0-0 d6 6. c4 Nd7 7. Nc3 e6 8. e4 Ne7 9. h3 a6 10. Be3 0-0 11. Qc2 c5 12. Rac1 Qc7 13. b3 Rac8 14. Qd2 Rfd8 15. Bg5 f6 16. Be3 Nf8 17. Qe2 h6 18. Rfd1 g5 19. Nh2 e5 20. dxe5 dxe5 21. Nd5 Nxd5 22. cxd5 Qf7 23. b4 cxb4 24. Bxb6 Rxc1 25. Rxc1 Rc8 26. Rxc8 Bxc8 27. Qc4 Qb7 28. Ba5 Bd7 29. Bxb4 Bb5 30. Qc3 Nd7 31. Bf1 Nb6 32. Bxb5 axb5 33. Qc6 Qxc6 34. dxc6 h5 35. Nf1 Bf8 36. Bxf8 Kxf8 37. Ne3 Kf7 38. Nd5 Nc8 39. g4 hxg4 40. hxg4 Ke6 41. Kf1 Ne7 42. c7 Nc8 43. Ke2 Kd7 44. Nxf6+ Kxc7 45. Nh7 Kc6 46. Nxg5 Kc5 47. Nf3 Nd6 48. Kd3 Kb4 49. Nxe5 Ka3 50. g5 Kxa2 51. g6 Ne8 52. Kc3 Ka3 53. Nd3 Nd6 54. f3 Ne8 55. f4 Nf6 56. Kd4 b4 57. g7 b3 58. e5 Ng8 59. f5 Ne7 60. f6 Nc6+ 61. Kc3 1-0

[Event "FIN-chT 1617"]
[Site "Finland"]
[Date "2016.12.10"]
[Round "5.2"]
[White "Wallin, Aleksi"]
[Black "Niemi, Kalle"]
[Result "0-1"]
[WhiteElo "2239"]
[BlackElo "2338"]
[PlyCount "50"]
[EventDate "2016.09.17"]
[EventType "team-tourn"]
[EventRounds "11"]
[EventCountry "FIN"]
[SourceTitle "EXT 2018"]
[Source "ChessBase"]
[SourceDate "2017.10.13"]
[SourceVersion "1"]
[SourceVersionDate "2017.10.13"]
[SourceQuality "1"]
[WhiteTeam "Oulu OSS"]
[BlackTeam "Salo SalSK"]
[WhiteTeamCountry "FIN"]
[BlackTeamCountry "FIN"]

1. c4 e6 2. g3 Nf6 3. Bg2 d5 4. Nf3 dxc4 5. Qa4+ Bd7 6. Qxc4 c5 7. Ne5 Qc8 8. 0-0 Nc6 9. Nxd7 Qxd7 10. Qc2 Rc8 11. Nc3 Nd4 12. Qd1 Be7 13. d3 0-0 14. b3 Rfd8 15. Bb2 b6 16. Rc1 e5 17. Qd2 Qe6 18. Rfd1 Ne8 19. e3 Nc6 20. Qe2 Nc7 21. Qf3 Nb4 22. Bf1 Qg6 23. Qe4 f5 24. Qxe5 Bd6 25. Nd5 Nbxd5 0-1

[Event "FIN-chT 1617"]
[Site "Finland"]
[Date "2016.10.08"]
[Round "3.2"]
[White "Karttunen, Mika"]
[Black "Wallin, Aleksi"]
[Result "1-0"]
[WhiteElo "2458"]
[BlackElo "2239"]
[PlyCount "77"]
[EventDate "2016.09.17"]
[EventType "team-tourn"]
[EventRounds "11"]
[EventCountry "FIN"]
[SourceTitle "EXT 2017"]
[Source "ChessBase"]
[SourceDate "2016.10.25"]
[SourceVersion "1"]
[SourceVersionDate "2016.10.25"]
[SourceQuality "1"]
[WhiteTeam "Tampere Tammer"]
[BlackTeam "Oulu OSS"]
[WhiteTeamCountry "FIN"]
[BlackTeamCountry "FIN"]

1. d4 g6 2. e4 Bg7 3. Nc3 a6 4. Be3 b5 5. Qd2 Bb7 6. f3 d6 7. Nd1 Nf6 8. a4 c6 9. Bd3 Nbd7 10. Ne2 e5 11. c3 0-0 12. 0-0 Re8 13. Nf2 d5 14. Ng3 Qc7 15. Bh6 Rad8 16. Bg5 Qb6 17. f4 dxe4 18. fxe5 Nxe5 19. Bxf6 Bxf6 20. Ngxe4 Nd7 21. Qf4 Bg7 22. b4 Re7 23. Kh1 f5 24. a5 Qa7 25. Qh4 Bf8 26. Ng5 Nf6 27. Bc2 Bc8 28. Bb3+ Nd5 29. Nxh7 Bg7 30. Nf6+ Kf7 31. Nxd5 cxd5 32. Nd3 Qc7 33. Nf4 Qc6 34. Rae1 Rxe1 35. Rxe1 Rd7 36. Nxd5 Rxd5 37. Qe7+ Kg8 38. Qe8+ Qxe8 39. Rxe8+ 1-0

[Event "FIN-chT 1516"]
[Site "Finland"]
[Date "2016.03.12"]
[Round "10.2"]
[White "Ivanov, Sergey A"]
[Black "Wallin, Aleksi"]
[Result "0-1"]
[WhiteElo "2329"]
[BlackElo "2220"]
[PlyCount "104"]
[EventDate "2015.09.12"]
[EventType "team-tourn"]
[EventRounds "11"]
[EventCountry "FIN"]
[SourceTitle "EXT 2017"]
[Source "ChessBase"]
[SourceDate "2016.10.25"]
[SourceVersion "1"]
[SourceVersionDate "2016.10.25"]
[SourceQuality "1"]
[WhiteTeam "Helsinki Garde"]
[BlackTeam "Oulu OSS"]
[WhiteTeamCountry "FIN"]
[BlackTeamCountry "FIN"]

1. Nf3 Nf6 2. c4 c6 3. b3 d5 4. Bb2 Bf5 5. d3 e6 6. Nbd2 Nbd7 7. Qc2 Bg6 8. g3 Bd6 9. Bg2 0-0 10. Nh4 Bh5 11. h3 Re8 12. g4 Bg6 13. Nxg6 hxg6 14. 0-0 e5 15. a3 a5 16. e3 Qe7 17. Rfd1 Nf8 18. Bc3 Ne6 19. Qb2 d4 20. exd4 exd4 21. Bxd4 Nxd4 22. Qxd4 Be5 23. Qe3 Bxa1 24. Qxe7 Rxe7 25. Rxa1 Rd8 26. Bf1 Nd7 27. b4 Ne5 28. Re1 Kf8 29. Re3 axb4 30. axb4 Nxd3 31. Rxd3 Rxd3 32. Bxd3 Rd7 33. Bxg6 Rxd2 34. Bf5 Rb2 35. Kf1 Rxb4 36. Bd3 g5 37. Ke2 Ke7 38. Ke3 b5 39. Kd4 Kd6 40. Kc3 Kc5 41. cxb5 cxb5 42. f3 Ra4 43. Kb3 Ra8 44. f4 Rh8 45. fxg5 Rxh3 46. Kc2 Rg3 47. Bf5 Kc4 48. Bd7 Rg2+ 49. Kd1 b4 50. Be8 Rxg4 51. Bxf7+ Kd3 52. Kc1 Kc3 0-1

[Event "FIN-chT 1516"]
[Site "Finland"]
[Date "2015.11.07"]
[Round "5.3"]
[White "Maki Uuro, Miika"]
[Black "Wallin, Aleksi"]
[Result "1/2-1/2"]
[WhiteElo "2327"]
[BlackElo "2220"]
[PlyCount "40"]
[EventDate "2015.09.12"]
[EventType "team-tourn"]
[EventRounds "11"]
[EventCountry "FIN"]
[SourceTitle "EXT 2017"]
[Source "ChessBase"]
[SourceDate "2016.10.25"]
[SourceVersion "1"]
[SourceVersionDate "2016.10.25"]
[SourceQuality "1"]
[WhiteTeam "Espoo MatSK"]
[BlackTeam "Oulu OSS"]
[WhiteTeamCountry "FIN"]
[BlackTeamCountry "FIN"]

1. e4 c5 2. d4 cxd4 3. c3 Nf6 4. e5 Nd5 5. Nf3 e6 6. cxd4 d6 7. a3 Bd7 8. Bd3 Bc6 9. 0-0 Nd7 10. Re1 Rc8 11. b4 N5b6 12. Nbd2 Ba4 13. Qe2 d5 14. Nf1 Be7 15. g3 g5 16. Ne3 Nb8 17. Ng4 h6 18. h4 gxh4 19. Bxh6 Rg8 20. Nfh2 Nc6 1/2-1/2

[Event "FIN-chT 1415"]
[Site "Finland"]
[Date "2015.03.13"]
[Round "9.5"]
[White "Wallin, Aleksi"]
[Black "Hokkanen, Petri"]
[Result "1/2-1/2"]
[WhiteElo "2219"]
[BlackElo "2276"]
[PlyCount "57"]
[EventDate "2014.09.27"]
[EventType "team-tourn"]
[EventRounds "11"]
[EventCountry "FIN"]
[SourceTitle "EXT 2016"]
[Source "ChessBase"]
[SourceDate "2015.10.08"]
[SourceVersion "1"]
[SourceVersionDate "2015.10.08"]
[SourceQuality "1"]
[WhiteTeam "Oulu OSS"]
[BlackTeam "Porvoo Velhot"]
[WhiteTeamCountry "FIN"]
[BlackTeamCountry "FIN"]

1. Nf3 Nf6 2. c4 e6 3. g3 b6 4. Bg2 Bb7 5. 0-0 Be7 6. d4 d5 7. cxd5 exd5 8. Nc3 0-0 9. Ne5 c6 10. b3 Nbd7 11. Nd3 Re8 12. Bb2 Bd6 13. a3 Qe7 14. Re1 Ne4 15. Qc2 Qg5 16. f4 Qh5 17. Nxe4 dxe4 18. Ne5 Nf6 19. e3 c5 20. Nc4 Bf8 21. h3 Rac8 22. g4 Qh4 23. Qf2 Qxf2+ 24. Kxf2 b5 25. Na5 Ba8 26. Bf1 a6 27. dxc5 Bxc5 28. b4 Bb6 29. Nb3 1/2-1/2

[Event "Kuopio We KSY A"]
[Site "Kuopio"]
[Date "2014.04.27"]
[Round "5"]
[White "Wallin, Aleksi"]
[Black "Hallman, Valo"]
[Result "1/2-1/2"]
[WhiteElo "2204"]
[BlackElo "1774"]
[PlyCount "41"]
[EventDate "2014.04.26"]
[EventType "swiss"]
[EventRounds "5"]
[EventCountry "FIN"]
[SourceTitle "EXT 2022"]
[Source "ChessBase"]
[SourceDate "2021.10.06"]
[SourceVersion "1"]
[SourceVersionDate "2021.10.06"]
[SourceQuality "1"]

1. Nf3 Nf6 2. c4 c5 3. Nc3 Nc6 4. g3 g6 5. Bg2 Bg7 6. d4 cxd4 7. Nxd4 0-0 8. 0-0 Nxd4 9. Qxd4 d6 10. Qd3 Bf5 11. e4 Bd7 12. b3 Bc6 13. Bb2 Nd7 14. b4 Rc8 15. Rac1 b6 16. Qe2 a5 17. a3 Bb7 18. f4 Ba6 19. Nd1 Bxb2 20. Nxb2 b5 21. cxb5 1/2-1/2

[Event "FIN-chT 1314"]
[Site "Finland"]
[Date "2013.10.12"]
[Round "3.3"]
[White "Seeman, Tarvo"]
[Black "Wallin, Aleksi"]
[Result "1/2-1/2"]
[WhiteElo "2384"]
[BlackElo "2183"]
[PlyCount "71"]
[EventDate "2013.09.21"]
[EventType "team-tourn"]
[EventRounds "11"]
[EventCountry "FIN"]
[SourceTitle "EXT 2014"]
[Source "ChessBase"]
[SourceDate "2013.11.20"]
[SourceVersion "1"]
[SourceVersionDate "2013.11.20"]
[SourceQuality "1"]
[WhiteTeam "Helsinki Aatos"]
[BlackTeam "Oulu OSS"]
[WhiteTeamCountry "FIN"]
[BlackTeamCountry "FIN"]

1. Nf3 Nf6 2. g3 g6 3. Bg2 Bg7 4. 0-0 0-0 5. d4 d6 6. a4 c6 7. Nbd2 Na6 8. Re1 c5 9. e4 cxd4 10. Nxd4 Bg4 11. N2f3 Qc8 12. c3 Nc5 13. Qc2 e5 14. Nb3 Nxb3 15. Qxb3 h6 16. a5 Be6 17. Qa4 Qc7 18. Be3 Ng4 19. Rad1 Rfd8 20. h3 Nxe3 21. Rxe3 d5 22. exd5 Rxd5 23. Rxd5 Bxd5 24. Nd2 Rd8 25. Bxd5 Rxd5 26. Nc4 b5 27. axb6 axb6 28. Qb3 b5 29. Na3 Qd7 30. Re1 Rd2 31. Qxb5 Qxb5 32. Nxb5 Rxb2 33. Nd6 Rc2 34. Nc4 Rxc3 35. Nxe5 Bxe5 36. Rxe5 1/2-1/2